|
|
|
|
| LEADER |
01236naa a2200217 i 4500 |
| 001 |
acta70110 |
| 005 |
20221212151144.0 |
| 008 |
200907s2016 hu o 1|| hun d |
| 020 |
|
|
|a 978 615 5372 63 6
|
| 040 |
|
|
|a SZTE Egyetemi Kiadványok Repozitórium
|b hun
|
| 041 |
|
|
|a hun
|
| 100 |
1 |
|
|a Ferwagner Péter Ákos
|
| 245 |
1 |
0 |
|a Szuez és Budapest
|h [elektronikus dokumentum] :
|b válságjelenségek a birodalmakban : [absztrakt] /
|c Ferwagner Péter Ákos
|
| 260 |
|
|
|a Belvedere Meridionale
|b Szeged
|c 2016
|
| 300 |
|
|
|a 16
|
| 490 |
0 |
|
|a Az 1956-os forradalom és szabadságharc tudományos kutatása, valamint helye az oktatásban : absztraktkötet
|
| 650 |
|
4 |
|a Bölcsészettudományok
|
| 650 |
|
4 |
|a Történettudomány és régészet
|
| 695 |
|
|
|a Szuezi válság - 1956 - előadáskivonat, Politika - nemzetközi - Egyiptom - előadáskivonat, Nemzetközi kapcsolatok - magyar-arab - előadáskivonat, Forradalom - Magyarország - 1956 - előadáskivonat, Algéria története - 1954-1962 - előadáskivonat
|
| 711 |
|
|
|a Az 1956-os forradalom és szabadságharc tudományos kutatása, valamint helye az oktatásban
|c Szeged
|d 2016
|
| 856 |
4 |
0 |
|u http://acta.bibl.u-szeged.hu/70110/1/2016_belvedere_1956_absztraktkotet_016.pdf
|z Dokumentum-elérés
|